Charlize Theron Movies - Statistics

General Stats
  • This quiz has been taken 11 times
  • The average score is 6 of 16
Answer Stats
Release Year Costars Movie % Correct
1997 Keanu Reeves, Al Pacino The Devil's Advocate
82%
2003 Christina Ricci, Bruce Dern Monster
73%
2015 Tom Hardy, Zoe Kravitz Mad Max: Fury Road
64%
2008 Will Smith, Jason Bateman Hancock
55%
2019 Nicole Kidman, Margot Robbie Bombshell
45%
2012 Noomi Rapace, Michael Fassbender Prometheus
45%
2012 Kristen Stewart, Chris Hemsworth Snow White and the Huntsman
45%
2003 Mark Wahlberg, Edward Norton The Italian Job
36%
2019 Seth Rogen, Bob Odenkirk Long Shot
27%
2000 Matt Damon, Will Smith The Legend of Bagger Vance
27%
2020 Kiki Layne, Chiwetel Ejiofor The Old Guard
27%
2000 Cuba Gooding Jr., Roberr De Niro Men of Honor
18%
2017 James McAvoy, John Goodman Atomic Blonde
9%
2018 Joel Edgerton, David Oyelowo Gringo
9%
2000 Ben Affleck, Danny Trejo Reindeer Games
9%
2009 Viggo Mortensen, Guy Pearce The Road
9%
No matching quizzes found
Score Distribution
Percent of People with Each Score
Percentile by Number Answered
Your Score History
You have not taken this quiz